Регионална библиотека "Любен Каравелов" - Русе

Вредни вещества в промишлеността (Запис номер 61397)

MARC детайли
000 -Лидер
Контролно поле с фиксирана дължина nam a22 a 4500
003 - Код на организацията, давaща контролен номер
Контролно поле BLK
005 - Дата и час на последна редакция
Контролно поле 20220630084305.0
008 - Елементи от данни с фиксирана дължина
fixed length control field 180408b bul|||||r ||||||| ||bul||
010 ## - Наследен системен номер
LC control number KNG00065599000
040 ## - Източник на каталожния запис
Идентификатор на билиотеката - собственик на записа BLK
041 ## - Код за език
Код за езика на текст/звукозапис или на отделно заглавие Български
Код за езика КДБФ Български
080 ## - УДК
Текстов определител УДК Токсикология. Отравяния. Учение за отровите. Общи въпроси. Отрови - органични, неорганични, растителни, животински. Вж и 615. 009. Противоотрови вж 615. 27
УДК код - определител по УДК 615.9
УДК определител (035)
УДК - код + определител 615.9(035)
080 ## - УДК
Текстов определител УДК Работа с химикали. Професионални отравяния. Професионална токсикология - Абсорбция на вредни вещества, действие на прах. Болести от бактерии или паразити от производствената среда. Вж и 615. 9
УДК код - определител по УДК 613.63
УДК определител (035)
УДК - код + определител 613.63(035)
139 ## - Редно поле
Редна дума Вредни вещества в промишлеността
Авторски знак Врач - В 87
245 10 - Сведения за заглавието
Заглавие Вредни вещества в промишлеността
Подзаглавни данни Справ. за химици, инж., лекари и др. по пром. токсикология : Ч. 1 -
Редно поле (дума) предг. и ред. Николай Васильевич Лазарев; прев. от рус. на том Петър Миладинов.
Том Т. 2
Заглавие на том Неорганични и елементорганични съединения
257 ## - Страна на издаване
Страна на създаване/издаване СССР
260 ## - Област на издателските данни
Име на издателя, разпространителя и проч. Техника
Година на издаване 1970 -
Печатница За том: Хасково : печ. Ат. Стратиев
Място на издаване, разпространение и проч. София
300 ## - Физическа характеристика
Размери/Мащаб 21 см
380 ## - Жанр
Жанр Медицина
500 ## - Общи забележки
Забележка Ориг. загл. Вредные вещества в промышлености.
650 #4 - Допълнително описание по предмет – тема
Основно описание – тема или топоним Органични съединения - справочници
9 (RLIN) 290421
650 #4 - Допълнително описание по предмет – тема
Основно описание – тема или топоним Неорганични съединения - справочници
9 (RLIN) 290422
650 #4 - Допълнително описание по предмет – тема
Основно описание – тема или топоним Елементорганични съединения - справочници
9 (RLIN) 154822
653 ## - Ключова дума – ненормативна
Ключова дума неорганични вещества
653 ## - Ключова дума – ненормативна
Ключова дума органични вещества
653 ## - Ключова дума – ненормативна
Ключова дума елементорганични вещества
700 1# - Други автори (авторска отговорност)
Лично име Лазарев, Николай Васильевич
Автороска отговорност (Описва отношението между автора и произведението) предг. и ред.
9 (RLIN) 290420
700 1# - Други автори (авторска отговорност)
Лично име Миладинов, Петър
Автороска отговорност (Описва отношението между автора и произведението) прев. от рус. на том
9 (RLIN) 370046
760 1# - Описание на основната серия
Място на издаване, издател и година 1971
Страници - том 756 с., 21 см
Забележка - том Други прев. Ал. Белоречки, В. Иванов. - Библиогр. след всеки раздел.
Заглавие Т. 2 Неорганични и елементорганични съединения
852 ## - Местоположение
Форматна сигнатура Цб 59328
856 4# - Електронен адрес и достъп
Електронен формат pdf - файл
856 4# - Електронен адрес и достъп
Електронен формат pdf - файл
999 ## - СИСТЕМНИ КОНТРОЛНИ НОМЕРА
Koha biblionumber 61397
Koha biblioitemnumber 61397
942 ## - АРТИКУЛИ
Вид на библиотечния материал Книги
Скрит в OPAC Не
Koha issues (borrowed), all copies 1
Периодичен библиозапис Да
944 ## - СЪЗДАВАНЕ И РЕДАКЦИЯ на ЗАПИСА
Създаване/Редакция Създаване
Дата на регистрацията/редакция 13.06.2004
Служител, извършил регистрацията/редакцията Наталия_Медовщикова
944 ## - СЪЗДАВАНЕ И РЕДАКЦИЯ на ЗАПИСА
Създаване/Редакция Редакция
Дата на регистрацията/редакция 30.01.2013
999 ## - СИСТЕМНИ КОНТРОЛНИ НОМЕРА
Koha biblioitemnumber 61397
Наличности
Код за отписване Код за изгубен артикул Източник на класификационната схема Код за повреда Коз за рестрикции Код за отдаване Артикулен № Име на библиотеката - собственик Име на библиотеката, в която се намира в момента Статус (Текущо местоположение) Дата на вписване в системата Местоположение - отдел Цена в лева Инвентарен номер Систематично азбучна сигнатура Баркод Номер на екземпляра Цена в евро Служебна бележка Служебен тип на артикула
Изтеглен Не е изгубен Universal Decimal Classification Не е повреден без рестрикции ползва се в читалня 101691 Регионална библиотека "Любен Каравелов" Русе Регионална библиотека "Любен Каравелов" Русе Хранилище 1970-01-01 Основен фонд - ползва се само за читалня 0.00 99477 Цб 59328 99477 1 0.00 Дост: Pk Вид: Ф N: стар фонд Дата: 01.01.1970 Дата инв: 15.06.2010 Бележки инв: 2010 Книги
  Не е изгубен Universal Decimal Classification Не е повреден само за читалня ползва се в читалня 101692 Регионална библиотека "Любен Каравелов" Русе Регионална библиотека "Любен Каравелов" Русе Хранилище 1970-01-01 Хранилище 4.60 99238 Цб 59328 120000099238 2 2.35 Дост: Dp N: стар фонд Дата: 01.01.1970 Книги
Изтеглен Не е изгубен Universal Decimal Classification Не е повреден без рестрикции заемане за дома 101693 Регионална библиотека "Любен Каравелов" Русе Регионална библиотека "Любен Каравелов" Русе Заемна - подръчен фонд 1970-01-01 Заемна - подръчен фонд 4.60 99475 П 615.9/В 87 99475 3 2.35 Дост: Pk N: стар фонд Дата: 01.01.1970 Дата инв: 16.02.2018 Бележки инв: П2018 Книги
Изтеглен Не е изгубен Universal Decimal Classification Не е повреден без рестрикции заемане за дома 101694 Регионална библиотека "Любен Каравелов" Русе Регионална библиотека "Любен Каравелов" Русе Заемна - подръчен фонд 1970-01-01 Заемна - подръчен фонд 0.00 99476 П 615.9/В 87 99476 4 0.00 Дост: Pk N: стар фонд Дата: 01.01.1970 Книги
Vip Innovations Ltd, Rousse, Bulgaria 2025